Online
Catalog

La literatura cubana : (Record no. 4977)

MARC details
000 -CABECERA
campo de control de longitud fija 00626nam a2200169 a 4500
001 - NÚMERO DE CONTROL
campo de control 000005174
005 - FECHA Y HORA DE LA ÚLTIMA TRANSACCIÓN
campo de control 20200929151611.0
008 - DATOS DE LONGITUD FIJA--INFORMACIÓN GENERAL
campo de control de longitud fija 860131s1985 ck c 000 0 spa
040 ## - FUENTE DE LA CATALOGACIÓN
Centro catalogador/agencia de origen DO-SdBNP
Lengua de catalogación spa
Centro/agencia transcriptor BNPHU
100 1# - ENTRADA PRINCIPAL--NOMBRE DE PERSONA
Nombre de persona Zabala Jaramillo, Luz Elena.
9 (RLIN) 14814
245 13 - MENCIÓN DE TÍTULO
Título La literatura cubana :
Resto del título brasa que quema al fuego /
Mención de responsabilidad, etc. Luz Elena Zabala Jaramillo, Manuel Cofino Lopez.
260 ## - PUBLICACIÓN, DISTRIBUCIÓN, ETC.
Lugar de publicación, distribución, etc. Medellin, Colombia :
Nombre del editor, distribuidor, etc. Ediciones Graficas,
Fecha de publicación, distribución, etc. 1985.
300 ## - DESCRIPCIÓN FÍSICA
Extensión 224 p. :
Otras características físicas retrs. ;
Dimensiones 21 cm.
490 1# - MENCIÓN DE SERIE
Mención de serie America Latina en su literatura
700 1# - PUNTO DE ACCESO ADICIONAL--NOMBRE DE PERSONA
Nombre de persona Cofino Lopez, Manuel,
Fechas asociadas al nombre 1936-
9 (RLIN) 14815
830 #0 - PUNTO DE ACCESO ADICIONAL DE SERIE-TÍTULO UNIFORME
Título uniforme America Latina en su literatura
9 (RLIN) 14816
Holdings
Estado de retiro Estado de pérdida Restricciones de uso No para préstamo Código de colección Localización permanente Ubicación/localización actual Ubicación en estantería Fecha de adquisición Número de inventario Total de préstamos Signatura topográfica completa Código de barras Fecha visto por última vez Precio válido a partir de Tipo de ítem Koha
    Préstamo interno   Monografías: Libros y Folletos General General En catalogación 29.07.2009 LF1   5174-10 25.06.2020 25.06.2020 Préstamo interno

Powered by Koha